[Event "30th Elekes Mem IM"]
[Site "Budapest HUN"]
[Date "2005.05.25"]
[Round "5"]
[White "Koneru,C"]
[Black "Werner,Di"]
[Result "1-0"]
[WhiteElo "2305"]
[BlackElo "2334"]

1.d4 Nf6 2.Bg5 c5 3.Bxf6 gxf6 4.dxc5 Na6 5.Nc3 Nxc5 6.Qd2 d6 7.e3 a6 8.Nge2 Bd7
9.Nd4 Rc8 10.Be2 b5 11.a3 e6 12.O-O Qc7 13.Rad1 Be7 14.e4 O-O 15.Kh1 Kh8
16.f4 Qb7 17.Qe3 a5 18.Ndxb5 Bc6 19.Nxd6 Bxd6 20.Rxd6 Bxe4 21.Nxe4 Qxe4 22.Qd2 Nb3
23.Qd3 Nc5 24.Qxe4 Nxe4 25.Rd4 f5 26.Bd3 Nc5 27.Bc4 Ne4 28.Kg1 Kg7 29.Rfd1 h5
30.Kf1 h4 31.b4 axb4 32.axb4 Rb8 33.Bd3 Nc3 34.Ra1 Nd5 35.b5 h3 36.gxh3 Rh8
37.c4 Ne3+ 38.Kg1 Kf6 39.Bf1 Rbg8+ 40.Kf2 Nxf1 41.Kxf1 Rxh3 42.Ra2 Rf3+ 43.Rf2 Rb3
44.Rdd2 Rb1+ 45.Ke2 Rc8 46.Kd3 Rd8+ 47.Kc2 Rxd2+ 48.Rxd2 Ra1 49.Kb3 e5 50.fxe5+ Kxe5
51.c5 f4 52.c6 Rc1 53.h4 f3 54.h5 Rb1+ 55.Ka4 Ra1+ 56.Kb4 Rb1+ 57.Ka5 Ra1+
58.Kb6 Ke4 59.c7 Rc1 60.h6 Ke3 61.Rh2 f2 62.Rxf2 Kxf2 63.h7 Rh1 64.c8=Q Rxh7
65.Qf5+  1-0

[Event "TCh-ROM A"]
[Site "Tusnad ROM"]
[Date "2005.05.25"]
[Round "5"]
[White "Ionescu,D"]
[Black "Shishkin,Va UKR"]
[Result "0-1"]
[WhiteElo "2385"]
[BlackElo "2519"]

1.d4 Nf6 2.Bg5 d5 3.Bxf6 exf6 4.e3 Bd6 5.Bd3 c6 6.c3 f5 7.Nd2 O-O 8.Qf3 g6
9.h4 h5 10.Ne2 Nd7 11.Nf4 Nf6 12.g3 Ne4 13.Qe2 Re8 14.Nf3 Kg7 15.O-O Bd7
16.Kg2 Qe7 17.Rfe1 Rad8 18.Qc2 Bc8 19.b4 Bb8 20.Qb3 b6 21.a4 Bb7 22.Rad1 f6
23.Rh1 Rh8 24.Nd2 Rde8 25.Nxe4 fxe4 26.Be2 Bxf4 27.exf4 Qd6 28.Qa3 Re7 29.a5 Bc8
30.axb6 axb6 31.Ra1 Be6 32.Qc1 Rb8 33.Ra6 Bc8 34.Ra4 Rc7 35.Qd2 c5 36.Rd1 c4
37.Rda1 Re7 38.Qe3 Qc7 39.R4a3 Bf5 40.R1a2 Qd7 41.Ra1 Kf7 42.R3a2 Qc8 43.Ra3 Kg7
44.R3a2 Bh3+ 45.Kh2 Bd7 46.Kg2 Bc6 47.Ra3 Qe6 48.R3a2 Bd7 49.Kg1 Qf7 50.Kg2 Bf5
51.Ra3 Rbb7 52.R3a2 Ra7 53.Rxa7 Rxa7 54.Rxa7 Qxa7 55.Qd2 Qa1 56.Bd1 Kf7 57.f3 e3  0-1

[Event "GM"]
[Site "Frascati ITA"]
[Date "2005.05.28"]
[Round "8"]
[White "Miladinovic,I"]
[Black "Garcia Palermo,C"]
[Result "1-0"]
[WhiteElo "2604"]
[BlackElo "2459"]

1.d4 Nf6 2.Bg5 d5 3.e3 c5 4.Nc3 e6 5.Nf3 Nbd7 6.Ne5 Qb6 7.a3 cxd4 8.exd4 Nxe5
9.dxe5 Qxb2 10.Bd2 Ne4 11.Nxe4 Qxe5 12.Bb5+ Bd7 13.Bxd7+ Kxd7 14.O-O Qxe4
15.Rb1 Bc5 16.Be3 d4 17.c3 Ke7 18.Qh5 b6 19.cxd4 Bxa3 20.Rfe1 Kf8 21.Bg5 Qg6
22.Qf3  1-0

[Event "30th Elekes Mem GM"]
[Site "Budapest HUN"]
[Date "2005.05.29"]
[Round "9"]
[White "Fogarasi,T"]
[Black "Galyas,M"]
[Result "1/2-1/2"]
[WhiteElo "2462"]
[BlackElo "2444"]

1.d4 Nf6 2.Bg5 d5 3.Bxf6 gxf6 4.c4 dxc4 5.e3 c5 6.Bxc4 cxd4 7.exd4 Bg7 8.Ne2 f5
9.Nbc3 Nc6 10.O-O O-O 11.d5 Ne5 12.Bb3 Qd6 13.Qd2 Bd7 14.Rfd1 Rac8  1/2-1/2

[Event "69th ch-BUL"]
[Site "Pleven BUL"]
[Date "2005.06.01"]
[Round "11"]
[White "Rusev,K"]
[Black "Dochev,D"]
[Result "1-0"]
[WhiteElo "2427"]
[BlackElo "2357"]

1.d4 Nf6 2.Bg5 g6 3.Bxf6 exf6 4.e3 Bg7 5.c4 f5 6.Nc3 O-O 7.Nge2 d6 8.g3 Nd7
9.Bg2 Nf6 10.O-O Re8 11.Qd3 c6 12.b4 Qe7 13.b5 Ne4 14.Rab1 h5 15.h4 Bd7 16.bxc6 bxc6
17.Rb7 Nxc3 18.Nxc3 Rec8 19.Rfb1 Qe8 20.Qd1 Qd8 21.Qa4 a5 22.Qa3 Bf8 23.Na4 Rc7
24.Rxc7 Qxc7 25.Qb3 Kg7 26.Qb7 Ra7 27.Qxc7 Rxc7 28.Rb8 Be7 29.Nb6 Be6 30.a4 Kf6
31.f4 Kg7 32.Kf2 Bf6 33.Ke2 Be7 34.Kd3 Bf6 35.Na8 Rc8 36.Rxc8 Bxc8 37.Bxc6 Bd8
38.c5  1-0

[Event "Summer"]
[Site "Alushta UKR"]
[Date "2005.06.04"]
[Round "11"]
[White "Lahiri,A"]
[Black "Tukhaev,A"]
[Result "1-0"]
[WhiteElo "2355"]
[BlackElo "2419"]

1.d4 Nf6 2.Bg5 c5 3.d5 Qb6 4.Nc3 Qxb2 5.Bd2 Qb6 6.e4 e5 7.f4 d6 8.f5 Be7
9.g4 h6 10.h4 Qd8 11.Qf3 Nh7 12.Qg3 Rg8 13.Nf3 f6 14.Bh3 Nd7 15.Kf2 Rb8 16.a4 Nb6
17.Bf1 Na8 18.Be2 b6 19.Rag1 Nc7 20.g5 fxg5 21.hxg5 Nxg5 22.Bxg5 Bxg5 23.Nxg5 Qxg5
24.Qxg5 hxg5 25.Rxg5 Ke7 26.Rhg1 Kf8 27.Bh5 Rb7 28.f6 Ne8 29.Bxe8 Kxe8 30.Nb5 Rd7
31.Rxg7 Rf8 32.Nc7+ Rxc7 33.Rxc7 Rxf6+ 34.Ke3  1-0

[Event "TCh-BIH Prem"]
[Site "Neum BIH"]
[Date "2005.06.07"]
[Round "4"]
[White "Ribic,K"]
[Black "Stojanovic,Da"]
[Result "1/2-1/2"]
[WhiteElo "2295"]
[BlackElo "2452"]

1.d4 Nf6 2.Bg5 c5 3.d5 Ne4 4.Bf4 Qb6 5.Bc1 g6 6.f3 Nd6 7.e4 Bg7 8.c3 f5 9.exf5 Nxf5
10.Nh3 O-O 11.Na3 d6 12.Nc4 Qd8 13.a4 Nd7 14.Be2 Nb6 15.O-O Kh8 16.a5 Nxc4
17.Bxc4 Bf6 18.Nf4  1/2-1/2

[Event "PanAmY U18B"]
[Site "Balneario Camboriu BRA"]
[Date "2005.06.12"]
[Round "2"]
[White "Cordova,Em"]
[Black "Arruda,W"]
[Result "1/2-1/2"]
[WhiteElo "2384"]
[BlackElo "2129"]

1.d4 Nf6 2.Bg5 g6 3.Bxf6 exf6 4.e3 Bg7 5.c4 f5 6.Nc3 d6 7.g3 O-O 8.Bg2 Nd7
9.Nge2 Nf6 10.O-O Re8 11.b4 c6 12.Qb3 h5 13.a4 h4 14.a5 hxg3 15.hxg3 Ng4
16.a6 Qg5 17.Nf4 Qh6 18.Rfe1 bxa6 19.Re2 g5 20.Nd3 f4 21.exf4 Bf5 22.Ne4 Bxe4
23.Rxe4 Rxe4 24.Bxe4 Bxd4 25.Ra2 Re8 26.Bxc6 Bxf2+ 27.Rxf2 Re3 28.Rg2 Qh7
29.Rd2 Rxg3+ 30.Kf1 Ne3+ 31.Ke1 Qh4 32.Rf2 gxf4 33.Kd2 Ng4 34.Re2 Ne5 35.Rxe5 dxe5
36.Qd1 Re3 37.Qh1 Qg5 38.Be4 f5 39.Bd5+ Kg7 40.Qg2 Rg3 41.Qf2 e4 42.Qd4+ Kg6
43.Ne5+ Kh7 44.Qxa7+ Qg7 45.Qxg7+ Kxg7 46.c5 Kf6 47.c6 Rg7 48.Nf7 Ke7 49.Nh6 Kd6
50.Nxf5+ Kxd5 51.Nxg7 Kxc6 52.Ne6 Kb5 53.Kc3 f3 54.Nd4+ Ka4 55.Nc2  1/2-1/2

[Event "Open"]
[Site "Voronezh RUS"]
[Date "2005.06.14"]
[Round "3"]
[White "Chernyshov,K"]
[Black "Kachar,V"]
[Result "1-0"]
[WhiteElo "2531"]
[BlackElo "2330"]

1.d4 d5 2.Bg5 Nf6 3.e3 g6 4.Bxf6 exf6 5.c4 dxc4 6.Bxc4 Bd6 7.Nf3 O-O 8.O-O Nd7
9.Nc3 Nb6 10.Bb3 Re8 11.h3 c6 12.Rc1 Qe7 13.Re1 Be6 14.e4 Bf4 15.d5 Bd7 16.Rc2 c5
17.Ree2 Qd6 18.e5 Bxe5 19.Ne4 Qe7 20.d6 Qd8 21.Nxe5 fxe5 22.Nxc5 Qf6 23.Ne4 Qd8
24.f4 Bb5 25.Rf2 Bc4 26.fxe5 Re6 27.Nc5  1-0

[Event "PanAmY U18B"]
[Site "Balneario Camboriu BRA"]
[Date "2005.06.15"]
[Round "6"]
[White "Cordova,Em"]
[Black "Duarte,L"]
[Result "1/2-1/2"]
[WhiteElo "2384"]
[BlackElo "2298"]

1.d4 Nf6 2.Bg5 d5 3.Bxf6 exf6 4.e3 Bd6 5.Nd2 O-O 6.Ngf3 Re8 7.c4 dxc4 8.Bxc4 Nd7
9.O-O Nb6 10.Bd3 g6 11.h3 c5 12.dxc5 Bxc5 13.Nb3 Bf8 14.Nfd4 f5 15.Be2 Be6
16.Nxe6 Rxe6 17.Bf3 Rd6 18.Qe2 Qe7 19.a4 Rad8 20.a5 Nd5 21.Nd4 Nf6 22.Ra4 Ne4
23.Bxe4 Qxe4 24.Qb5 Bg7 25.Nf3 Qc2 26.Rc4 Qxb2 27.Qxb2 Bxb2 28.Rb4 Bc3 29.Rxb7 a6
30.Kh2 R8d7 31.Rb8+ Kg7 32.g4 fxg4 33.hxg4 Bxa5 34.Kg2 h6 35.Ra1 Bc3 36.Ra3 Rc7
37.g5 h5 38.Ra4 f6 39.Re4 fxg5 40.Nxg5 Kh6 41.f4 Bf6 42.Ree8 Bxg5 43.Rh8+ Kg7
44.fxg5 Rd5 45.Rhg8+ Kh7 46.Rh8+ Kg7 47.Rhg8+ Kh7 48.Rh8+  1/2-1/2

[Event "St Petersburg vs Moscow"]
[Site "St Petersburg RUS"]
[Date "2005.06.15"]
[Round "2"]
[White "Rusanov,M"]
[Black "Dragomarezkij,E"]
[Result "1/2-1/2"]
[WhiteElo "2436"]
[BlackElo "2481"]

1.d4 d5 2.Bg5 Nf6 3.Bxf6 gxf6 4.e3 Bf5 5.Bd3 Bg6 6.Nf3 c6 7.O-O Nd7 8.c4 dxc4
9.Bxc4 Bg7 10.Nc3 O-O 11.Rc1 Qa5 12.Nh4 f5 13.g3 Nf6 14.Qb3 Qb6 15.Na4 Qxb3
16.Bxb3 Ne4 17.Rfd1 Bf6 18.f3 Bxh4 19.gxh4 Nd6 20.Nc5 Kg7 21.Nd3 Rac8 22.Nf4 h6
23.Kf2 Bh7 24.Rg1+ Kh8 25.a3 Rg8 26.Rg3 e6 27.Ba2 Rge8 28.Rc5 b6 29.Rc3 c5
30.dxc5 Rxc5 31.Rxc5 bxc5 32.Rg2 e5 33.Nd5 c4 34.Nf6 Rc8 35.Ke1 f4 36.Nxh7 Kxh7
37.exf4 exf4 38.Rd2 Rc6 39.Kd1 Kg7 40.Rd5 Kf6 41.Kc1 Nf5 42.Bb1 Nxh4 43.Rh5 Ng6
44.Rxh6 Re6 45.Be4 Kg5 46.Rh7 f5 47.Bd5 Rd6 48.Bxc4 Rc6 49.b3 Ne5 50.Kb2 Rd6
51.h4+ Kg6 52.Rxa7 Kh5 53.Ra5 Nxf3 54.Rxf5+ Kg4 55.Rd5 Re6 56.a4 Ne5 57.Bb5 f3
58.a5 f2 59.a6 Nc6 60.h5 Na7 61.Bc4 Re4  1/2-1/2

[Event "III Open"]
[Site "Bajada de la Virgen ESP"]
[Date "2005.06.16"]
[Round "5"]
[White "Stefanova,A"]
[Black "Nestorovic,DN"]
[Result "1-0"]
[WhiteElo "2495"]
[BlackElo "2332"]

1.d4 Nf6 2.Bg5 d5 3.Bxf6 exf6 4.e3 g6 5.g3 Bg7 6.Bg2 c6 7.Ne2 O-O 8.O-O Nd7
9.b3 f5 10.c4 Nf6 11.Nbc3 Be6 12.Qd3 Qa5 13.Nf4 dxc4 14.bxc4 Qa6 15.Nxe6 fxe6
16.Rab1 Rad8 17.Rb4 Nd7 18.Qc2 e5 19.Ne2 exd4 20.exd4 Rfe8 21.Rfb1 b5 22.cxb5 cxb5
23.Rxb5 Nb6 24.Bc6 Re7 25.d5 Qa4 26.Qxa4 Nxa4 27.Rb8 Rxb8 28.Rxb8+ Kf7 29.d6 Re5
30.Bxa4  1-0

[Event "Marx Gyorgy Open"]
[Site "Paks HUN"]
[Date "2005.06.16"]
[Round "3"]
[White "Zakarias,D"]
[Black "Nagy,Laj"]
[Result "1-0"]
[WhiteElo "2265"]
[BlackElo "2021"]

1.d4 Nf6 2.Bg5 c5 3.d5 Qb6 4.Nc3 Qxb2 5.Bd2 Qb6 6.e4 d6 7.f4 Nfd7 8.Nf3 a6
9.e5 g6 10.e6 fxe6 11.dxe6 Nf6 12.Bc4 Bg7 13.f5 d5 14.Bxd5 Nxd5 15.Nxd5 Qd6
16.Bf4 Qd8 17.Nc7+ Kf8 18.Qxd8+  1-0

[Event "White Nights"]
[Site "St Petersburg RUS"]
[Date "2005.06.20"]
[Round "3"]
[White "Krasnov,Vas"]
[Black "Nikolaev,Y"]
[Result "1-0"]
[WhiteElo "2208"]
[BlackElo "2080"]

1.d4 d5 2.Bg5 Nf6 3.Bxf6 exf6 4.e3 c6 5.c4 dxc4 6.Bxc4 Be6 7.Bxe6 fxe6 8.Nc3 Na6
9.Nge2 Qd7 10.a3 Bd6 11.Qb3 O-O-O 12.Ne4 e5 13.O-O Rhe8 14.Rfd1 exd4 15.Nxd6+ Qxd6
16.Nxd4 Qd5 17.Qc2 Qe4 18.Qxe4 Rxe4 19.Nf5 Rg4 20.f3 Rg5 21.e4 Rxd1+ 22.Rxd1 Kc7
23.h4 Rg6 24.Kf2 h5 25.b4 Nb8 26.Nd4 Nd7 27.Ne6+ Kc8 28.Rxd7 f5 29.Rd8+  1-0

[Event "19th Open Pula"]
[Site "Pula CRO"]
[Date "2005.06.21"]
[Round "3"]
[White "Paci,C"]
[Black "Saric,A"]
[Result "0-1"]
[WhiteElo "2266"]
[BlackElo "2472"]

1.d4 Nf6 2.Bg5 d5 3.Bxf6 gxf6 4.c4 dxc4 5.e3 c5 6.Bxc4 cxd4 7.exd4 Bg7 8.Ne2 f5
9.Nbc3 O-O 10.O-O a6 11.a4 Qd6 12.Qd2 Nc6 13.Rfd1 Bd7 14.d5 Ne5 15.Ba2 Rac8
16.Qf4 Nc4 17.Bxc4 Qxf4 18.Nxf4 Rxc4 19.d6 e6 20.Nh5 Bxc3 21.bxc3 Bxa4 22.Rd3 Rd8
23.d7 Kf8 24.h3 Ke7  0-1

[Event "19th Open Pula"]
[Site "Pula CRO"]
[Date "2005.06.22"]
[Round "4"]
[White "Sedlak,N"]
[Black "Dickhoff,R"]
[Result "1/2-1/2"]
[WhiteElo "2514"]
[BlackElo "2199"]

1.d4 Nf6 2.Bg5 g6 3.Bxf6 exf6 4.e3 Bg7 5.Ne2 d5 6.g3 c6 7.Bg2 Na6 8.Nd2 O-O
9.b3 Bg4 10.h3 Bf5 11.O-O Qd7 12.Kh2 Rfe8 13.c4 Bd3 14.Rc1 f5 15.Re1 Bxe2
16.Rxe2 Bf8 17.Nb1 Rac8 18.Rec2 Nb4 19.Rd2 Na6 20.Qh1 Nc7 21.Rdc2 Bb4 22.Nc3 Bxc3
23.Rxc3 Rcd8 24.R1c2 Qe7 25.h4 Kg7 26.Qb1 a6 27.Kg1 Qf6 28.Qc1 Qe7 29.Qb2 Kg8
30.b4 dxc4 31.Rxc4 Nd5 32.Qb3 Qe6 33.Rc5 Nf6 34.Qxe6 fxe6 35.a4 Nd5 36.b5 axb5
37.axb5 b6 38.Bxd5 bxc5 39.Bxc6 cxd4 40.Bxe8 Rxe8 41.exd4 Rb8 42.Rb2 Kf7
43.b6 Rb7 44.Kg2 Ke7 45.Kf3 Kd6 46.Kf4 h6 47.Rb4 Kd5 48.f3 Kd6 49.g4 Kd5
50.g5 h5 51.Rb1 Kd6 52.Rb5 Kc6 53.Ra5 Kd6 54.Ra8 Rxb6 55.Rg8 Kd5 56.Rd8+ Rd6
57.Rg8 Ra6 58.Rc8 e5+ 59.dxe5 Ra4+ 60.Kg3 f4+ 61.Kh3 Ra6 62.Re8 Re6 63.Ra8 Kxe5
64.Ra5+ Kd4 65.Ra1 Re3 66.Ra4+ Ke5 67.Ra5+ Kd4 68.Ra4+ Ke5 69.Kg2 Re2+ 70.Kf1 Rh2
71.Kg1 Rd2 72.Ra6 Rd6 73.Ra2 Rd1+ 74.Kg2 Rd6 75.Ra8 Rd2+ 76.Kf1 Rd3 77.Ke2 Re3+
78.Kf2 Rd3 79.Re8+ Kf5 80.Rf8+ Ke5 81.Rf6 Rd2+ 82.Ke1 Rd6 83.Rxd6 Kxd6 84.Kd2 Kc6
85.Kc2 Kd6 86.Kb2 Kd5 87.Kc3 Kc5  1/2-1/2

[Event "White Nights"]
[Site "St Petersburg RUS"]
[Date "2005.06.24"]
[Round "7"]
[White "Krasnov,Vas"]
[Black "Golovenchits,B"]
[Result "1/2-1/2"]
[WhiteElo "2208"]
[BlackElo "2095"]

1.d4 d5 2.Bg5 Nf6 3.Bxf6 exf6 4.e3 c6 5.Bd3 f5 6.h4 Qb6 7.b3 Bd6 8.g3 c5
9.dxc5 Qxc5 10.Ne2 Nc6 11.c3 Be6 12.Nd4 g6 13.a4 a6 14.f4 Be7 15.Ra2 h5 16.b4 Qb6
17.a5 Qa7 18.O-O O-O 19.Nd2 Nxd4 20.exd4 Bxb4 21.Qb3 Be7 22.Rb1 Rab8 23.Nf3 Rfc8
24.Kf2 Bf6 25.Ke3 Rc6 26.Qa3 Rbc8 27.Rb3 R8c7 28.Rab2 Kg7 29.Rb1 Re7 30.Kd2 Rd7
31.Qb2 Rcc7 32.Rb6 Qa8 33.Bc2 Qc8 34.Ba4 Re7 35.Bb3 Rc6 36.Ba4 Rxb6 37.axb6 Bd7
38.Bxd7 Qxd7 39.Ne5 Bxe5 40.fxe5 f4 41.gxf4 Qg4 42.Qb4 Qxf4+ 43.Kc2 Re6 44.Rd1 Qe4+
45.Kd2 Qg2+ 46.Kc1 Rc6 47.Rd2 Qf1+ 48.Kc2 Qf5+ 49.Kc1 Rc4 50.Qa5 Qd7 51.Rf2 Qc6
52.Kb2 Ra4 53.Qc5 Qxc5 54.dxc5 Rc4 55.Rf6 Rxc5 56.Kb3 a5 57.Ka4 Rc4+ 58.Kxa5 Re4
59.Rd6 Rxe5 60.Rd7 d4+ 61.Kb4 dxc3 62.Kxc3 g5 63.hxg5 Rxg5 64.Rxb7 h4 65.Rd7 Rb5
66.Rd6 h3 67.Rd3 Rxb6 68.Rxh3 Rd6 69.Rg3+ Kf6 70.Rg1 Ke7 71.Re1+ Re6 72.Rf1 Re5
73.Kd4 f6 74.Rf2 Ke6 75.Rf1 f5 76.Rg1 Re4+ 77.Kd3 Ke5 78.Ra1 Kf4 79.Rf1+ Kg5
80.Rg1+ Rg4 81.Rf1 Rg2 82.Ke3 Rg3+ 83.Rf3 Rg2 84.Rf1 Rg3+ 85.Rf3 f4+ 86.Kf2 Rg4
87.Rh3 Kf5 88.Rh8 Rg6 89.Kf3 Rg3+ 90.Kf2 Ra3 91.Rf8+  1/2-1/2

[Event "6th EICC"]
[Site "Warsaw POL"]
[Date "2005.06.26"]
[Round "8"]
[White "Loeffler,S"]
[Black "Perunovic,Mil"]
[Result "0-1"]
[WhiteElo "2429"]
[BlackElo "2549"]

1.d4 Nf6 2.Bg5 d5 3.e3 Ne4 4.Bf4 c5 5.Bd3 Nc6 6.Bxe4 dxe4 7.d5 e5 8.Bg3 Ne7
9.Nc3 Ng6 10.Qh5 Be7 11.Bxe5 O-O 12.Bg3 f5 13.Qe2 Bf6 14.Qc4 Qb6 15.O-O-O Bd7
16.Bc7 Qb4 17.Qxb4 cxb4 18.Nce2 Rfc8 19.Ba5 Ne5 20.Kb1 Nc4 21.Bxb4 Nxb2 22.Re1 a5
23.Bd2 Ba4 24.c3 Nd3 25.Rf1 Ra6 26.Nc1 Rb6+  0-1

[Event "6th Kurass Memorial"]
[Site "Kiev UKR"]
[Date "2005.06.28"]
[Round "8"]
[White "Nogin,N"]
[Black "Nikulenkov,A"]
[Result "1/2-1/2"]
[WhiteElo "2321"]
[BlackElo "2251"]

1.d4 d5 2.Bg5 Nf6 3.e3 Ne4 4.Bh4 c5 5.f3 Qa5+ 6.c3 Nd6 7.Nd2 cxd4 8.exd4 Bf5
9.Nb3 Qb6 10.Bd3 Nd7 11.Bf2 e6 12.Ne2 Bxd3 13.Qxd3 Nc4 14.Rb1 Bd6 15.O-O O-O
16.Nd2 Qc7 17.Bg3 Nxd2 18.Qxd2 b5 19.Bxd6 Qxd6 20.f4 f5 21.Ng3 Nf6 22.Qe2 Rab8
23.Qe5 Qxe5 24.fxe5 Ne4 25.Nxe4 fxe4 26.Rbc1 Rxf1+ 27.Kxf1 Kf7 28.Ke2 Rc8
29.b3 Ke7 30.Kd2 Rc6 31.h4 Ra6 32.Rc2 Rc6 33.Ke3 Kd7 34.Kd2 Rc8 35.Rc1 Rf8
36.Ke3 Rc8 37.Kd2 a5 38.a3 Rc7 39.Rf1 Ke7 40.Rb1 Kf7 41.a4 bxa4 42.bxa4 Rc4
43.Rb7+ Kg6 44.g4 Rxa4 45.Re7 Ra1 46.Rxe6+ Kf7 47.Ra6 a4 48.c4 Ra2+ 49.Ke3 Ra3+
50.Ke2 dxc4 51.d5 Rd3 52.e6+ Ke7 53.Ra7+ Ke8 54.Ra8+ Ke7 55.Ra7+  1/2-1/2

[Event "33rd World Open"]
[Site "Philadelphia USA"]
[Date "2005.06.29"]
[Round "2"]
[White "Hoekstra,M"]
[Black "Styler,M"]
[Result "1-0"]
[WhiteElo "2357"]
[BlackElo "2250"]

1.d4 d5 2.Bg5 Nf6 3.Bxf6 exf6 4.e3 Bf5 5.Ne2 Bd6 6.Nd2 c6 7.g3 Nd7 8.Bg2 Qe7
9.O-O Qe6 10.c4 dxc4 11.e4 Bh3 12.d5 cxd5 13.exd5 Qg4 14.Bxh3 Qxh3 15.Nxc4 Bc5
16.Nf4 Qf5 17.b4 Bxb4 18.Qb3 Bc5 19.Rae1+ Kf8 20.Qxb7 Rb8 21.Qc7 h5 22.Ne6+ fxe6
23.dxe6 h4 24.exd7 hxg3 25.Qxb8+ Kf7 26.Qe8+  1-0

[Event "ITT Cinco Soles"]
[Site "Pinamar ARG"]
[Date "2005.06.29"]
[Round "8"]
[White "Rodi,L"]
[Black "Duarte,L"]
[Result "0-1"]
[WhiteElo "2243"]
[BlackElo "2298"]

1.d4 Nf6 2.Bg5 d5 3.e3 g6 4.Bxf6 exf6 5.c4 dxc4 6.Bxc4 Bd6 7.Nc3 O-O 8.Nf3 Nd7
9.O-O a6 10.Rc1 Nb6 11.Bb3 Re8 12.Re1 a5 13.a3 Bd7 14.Qd3 a4 15.Ba2 Ra5 16.Ne4 Be6
17.Nxd6 cxd6 18.Bxe6 Rxe6 19.Rc2 Qd7 20.Rec1 Re7 21.h3 Qb5 22.Qd2 Ra8 23.Ne1 Ree8
24.Qd3 Qa5 25.Nf3 Qd5 26.Nd2 f5 27.Nc4 Nd7 28.Qc3 b5 29.Nd2 Nf6 30.Qc6 Rab8
31.Nf3 Red8 32.Kf1 h6 33.Qc7 Qb3 34.Kg1 Ne4 35.Nd2 Nxd2 36.Rxd2 b4 37.axb4 Qxb4
38.Rdc2 f4 39.Rc4 Qxb2 40.Rxa4 fxe3 41.fxe3 Qb3 42.Ra7 Qxe3+ 43.Kh1 Qf4 44.d5 Qf5
45.Qa5 Re8 46.Qd2 h5 47.Kg1 Rb1 48.Rc7 Re5 49.Rxb1 Qxb1+ 50.Kh2 Qf5 51.Qc3 Qf4+
52.Kg1 Qe4 53.Rc8+ Kg7 54.Re8 Qxd5 55.Kh2 Qc5 56.Qa1 Qe3 57.Rd8 Qf4+ 58.Kg1 Qf6
59.Ra8 Kh7 60.Ra6 Qh4 61.Kf1 Qf4+ 62.Kg1 Re2 63.Qf1 Qe3+ 64.Kh2 Qe5+  0-1

[Event "Open A"]
[Site "Klatovy CZE"]
[Date "2005.07.02"]
[Round "1"]
[White "Forman,M"]
[Black "Kaderabek,J"]
[Result "0-1"]
[WhiteElo "2048"]
[BlackElo "2149"]

1.d4 Nf6 2.Bg5 d5 3.Nd2 Bf5 4.Ngf3 Nbd7 5.e3 e6 6.Be2 Be7 7.Nh4 Bg6 8.Nxg6 hxg6
9.c4 c6 10.Qb3 Qa5 11.f3 dxc4 12.Bxc4 Qxg5  0-1

[Event "20th North Sea Cup"]
[Site "Esbjerg DEN"]
[Date "2005.07.03"]
[Round "3"]
[White "Jensen,JaK"]
[Black "Petersen,M"]
[Result "1/2-1/2"]
[WhiteElo "2113"]
[BlackElo "1971"]

1.d4 Nf6 2.Bg5 d5 3.e3 Bf5 4.c4 e6 5.Nc3 c6 6.Nge2 Nbd7 7.Ng3 Bg6 8.Be2 Be7
9.O-O O-O 10.Rc1 dxc4 11.Bxc4 c5 12.Bb5 h6 13.Bf4 cxd4 14.Qxd4 Bc5 15.Qc4 Rc8
16.Nce4 Nxe4 17.Nxe4 Nb6 18.Qd3 Qxd3 19.Bxd3 Be7 20.Be5 Nd7 21.Bd4 b6 22.Bb5 Bxe4
23.Bxd7 Rxc1 24.Rxc1 Bd6 25.f3 Bb7 26.a3 Rd8 27.Bb5 Rc8 28.Rxc8+ Bxc8 29.Bc6 e5
30.Bc3 Be6 31.Kf2 Kf8 32.g3 f6 33.h4 Ke7 34.g4 Bb3 35.Kg3 Bc5 36.Bd2 Ke6
37.Be8 Bd6 38.Bg6 Bc5 39.Bf5+ Kf7 40.Bd3 Bd6 41.Kf2 Bc5 42.Ke2 Ke6 43.Bf5+ Kf7
44.Kd3 Bd1 45.Be4 Ke6 46.Kc4 Be2+ 47.Kc3 a5 48.Bf5+ Kd5 49.Be4+ Ke6 50.Kc2 Kf7
51.Kb3 Bb5 52.Bd5+ Ke7 53.Bc4 Bc6 54.Be2 Bd5+ 55.Kc3 Bc6 56.Kc4 Ke6 57.Bxa5 Bxe3
58.Bb4 g6 59.Be1 Bc1 60.Kc3 e4 61.fxe4 Bxe4 62.Kd4 Bc6 63.Bc3 Bf4 64.Bc4+ Kd6
65.Bb4+ Kc7 66.Bf7 Be5+ 67.Ke3 g5 68.hxg5 hxg5 69.b3 Bd7 70.Kf3 Bc6+ 71.Ke3  1/2-1/2

[Event "VISUS Open"]
[Site "Prague CZE"]
[Date "2005.07.04"]
[Round "3"]
[White "Sedlacek,T"]
[Black "Krischke,A"]
[Result "1/2-1/2"]
[WhiteElo "1995"]
[BlackElo "2112"]

1.d4 Nf6 2.Bg5 d5 3.e3 Bf5 4.Nd2 Nbd7 5.Be2 e6 6.f4 Be7 7.Bxf6 Nxf6 8.Ngf3 Ne4
9.c3 c6 10.Nxe4 Bxe4 11.Qb3 Qb6 12.O-O O-O 13.Ne5 Qxb3 14.axb3  1/2-1/2

[Event "ch-NOR"]
[Site "Sandnes NOR"]
[Date "2005.07.05"]
[Round "4"]
[White "Groenn,A"]
[Black "Fossan,E"]
[Result "0-1"]
[WhiteElo "2394"]
[BlackElo "2389"]

1.d4 Nf6 2.Bg5 c5 3.Nc3 cxd4 4.Qxd4 Nc6 5.Qh4 e6 6.e4 Be7 7.O-O-O Qa5 8.f4 d6
9.Nf3 h6 10.e5 dxe5 11.fxe5 Nxe5 12.Nxe5 Qxe5 13.Bb5+ Kf8 14.Bf4 Qc5 15.Qe1 a6
16.Bd3 Bd7 17.Rf1 Bc6 18.g4 b5 19.Kb1 Rd8 20.Qg3 b4 21.Ne2 Nd5 22.Bxa6 Ra8
23.Nd4 Kg8 24.Qd3 Nxf4 25.Rxf4 Bd5 26.a4 bxa3 27.Nb3 Bxb3 28.cxb3 axb2 29.b4 Qb6
30.b5 Bf6 31.Rdf1 Rd8 32.Qa3 Qd6 33.Qb3 Rb8 34.Qc4 Qa3 35.R4f3 Qa5 36.R3f2 Rd8
37.Bb7 Rd4 38.Qe2 Qa1+ 39.Kc2 Qa2 40.Rb1 Rc4+ 41.Kd2 Bg5+  0-1

[Event "Open A"]
[Site "Klatovy CZE"]
[Date "2005.07.06"]
[Round "5"]
[White "Ptacnik,S"]
[Black "Cvikl,M"]
[Result "1/2-1/2"]
[WhiteElo "2136"]
[BlackElo "2066"]

1.d4 Nf6 2.Bg5 d5 3.Bxf6 exf6 4.e3 c6 5.Bd3 Bd6 6.Nd2 a5 7.c4 dxc4 8.Nxc4 Bb4+
9.Nd2 Qd5 10.Nf3 Bg4 11.Be2 O-O 12.O-O Nd7 13.h3 Bh5 14.g4 Bg6 15.Nh4 Bxd2
16.Nxg6 fxg6 17.Qxd2 f5 18.Qc2 Kh8 19.Qc4 Qe4 20.Qd3 Qd5 21.Qc4 Qe4  1/2-1/2

[Event "Open"]
[Site "Barbera del Valles ESP"]
[Date "2005.07.07"]
[Round "4"]
[White "Sanchez Romero,M"]
[Black "Perpinya Rofes,L"]
[Result "1-0"]
[WhiteElo "2197"]
[BlackElo "2381"]

1.d4 Nf6 2.Bg5 d5 3.Nd2 Nbd7 4.e3 c5 5.c3 Qb6 6.Qb3 e6 7.Qxb6 Nxb6 8.Bd3 Nbd7
9.Ngf3 b6 10.O-O Bb7 11.Bf4 Nh5 12.Rfe1 Be7 13.h3 Nxf4 14.exf4 g6 15.Ne5 a6
16.Ndf3 Nf6 17.Re3 Ne4 18.Nc4 cxd4 19.cxd4 dxc4 20.Bxe4 Bxe4 21.Rxe4 Rc8
22.Rd1 O-O 23.d5 Rfd8 24.Red4 Bf6 25.Ne5 exd5 26.Rxd5 b5 27.Rd7 Rxd7 28.Rxd7 Rd8
29.Ng4 Bh4 30.Rc7 Kg7 31.g3 Rd1+ 32.Kg2 Bd8 33.Rc6 Rd2 34.b3 Rxa2 35.bxc4 b4
36.Rc8 Bb6 37.Rb8 Bc5 38.Rc8 b3 39.Rb8 b2 40.Ne5 Bxf2 41.Nd3 Bd4 42.Kf3 Ra1
43.Nxb2 Rb1 44.c5 Bxc5 45.Rc8 Be7 46.Nd3 a5 47.Ra8 Ra1 48.Ra7 Bf6 49.Ne5 Ra3+
50.Ke4 Bxe5 51.fxe5 Rxg3 52.e6 Rxh3 53.Rxf7+ Kg8 54.Ke5 Re3+ 55.Kf6 a4 56.Rg7+  1-0

[Event "ITT"]
[Site "San Bernardo ARG"]
[Date "2005.07.08"]
[Round "5"]
[White "Rodi,L"]
[Black "Zapata,K"]
[Result "1-0"]
[WhiteElo "2242"]
[BlackElo "2156"]

1.d4 Nf6 2.Bg5 d5 3.e3 c6 4.Nd2 Bf5 5.Bxf6 gxf6 6.g3 Nd7 7.Bg2 e5 8.Ne2 Nb6
9.b3 Ba3 10.Nf3 Qe7 11.O-O O-O-O 12.Qd2 Kb8 13.c3 h5 14.h4 Rhg8 15.Rfd1 Rg7
16.Ne1 Rdg8 17.Nc2 Bd6 18.a4 Qe6 19.a5 Nc8 20.c4 e4 21.c5 Bc7 22.Nf4 Bxf4
23.exf4 a6 24.Kh2 Bg4 25.Re1 Qd7 26.Ne3 Ne7 27.b4 f5 28.Rec1 Qd8 29.Rc3 Ng6
30.Nxg4 fxg4 31.b5 cxb5 32.c6 Qd6 33.Rac1 Rc8 34.cxb7 Rc4 35.Bf1 Ne7 36.Bxc4 dxc4
37.d5 Qxd5 38.Qe2 Nc6 39.Rd1 Nd4 40.Qe3 f5 41.Rxd4 Qc6 42.Rc1 Kxb7 43.Rcd1 Rc7
44.Rd6 Qc5 45.Rb6+ Ka7 46.Rd7 Ka8 47.Rxa6+ Kb8 48.Rd8+ Kb7 49.Rb6+ Ka7 50.Rd7 Ka8
51.Qxc5 Rxc5 52.Rf6 Rc8 53.Rff7  1-0

[Event "2nd S Wales Int"]
[Site "Caerleon WLS"]
[Date "2005.07.09"]
[Round "1"]
[White "Collier,D"]
[Black "Allicock,R"]
[Result "1-0"]
[WhiteElo "2122"]
[BlackElo "2303"]

1.d4 Nf6 2.Bg5 d5 3.Bxf6 exf6 4.e3 Be6 5.g3 c6 6.Bg2 Nd7 7.Ne2 Qb6 8.b3 f5
9.Nd2 Nf6 10.O-O Ne4 11.Nxe4 fxe4 12.Nf4 Bf5 13.c4 Rd8 14.Qc2 Be7 15.Rfc1 Ba3
16.Rcb1 a5 17.f3 h6 18.fxe4 Bh7 19.Qf2 dxe4 20.Qc2 f5 21.c5 Qb5 22.g4 g5
23.Ne6 Rd7 24.Rf1 Re7 25.gxf5 Bxf5 26.Rxf5 Rxe6 27.Raf1 Kd8 28.Qf2 Rhe8 29.Qg3 Kc8
30.Rf7  1-0

[Event "Open A"]
[Site "Klatovy CZE"]
[Date "2005.07.09"]
[Round "8"]
[White "Forman,M"]
[Black "Grill,R"]
[Result "1-0"]
[WhiteElo "2048"]
[BlackElo "2167"]

1.d4 Nf6 2.Bg5 g6 3.Bxf6 exf6 4.Nd2 Bg7 5.e3 O-O 6.Bd3 d6 7.Ne2 a5 8.O-O Na6
9.c3 Bd7 10.e4 c5 11.Kh1 cxd4 12.Nxd4 Qe8 13.Nc4 Nc5 14.Qf3 Nxd3 15.Qxd3 Ra6
16.f4 b5 17.Ne3 Qa8 18.Nd5 Qb7 19.f5 Re8 20.Rae1 Re5 21.Nf3 Rxd5 22.Qxd5 Qxd5
23.exd5 Bxf5 24.Re8+ Bf8 25.Nd4 Bd7 26.Rd8 Ra7 27.Re1 Kg7 28.Nc6 Bxc6 29.dxc6 Rc7
30.Ree8  1-0

[Event "2nd S Wales Int"]
[Site "Caerleon WLS"]
[Date "2005.07.10"]
[Round "3"]
[White "James,R"]
[Black "Dobrov,V"]
[Result "0-1"]
[WhiteElo "2219"]
[BlackElo "2535"]

1.d4 Nf6 2.Bg5 c5 3.d5 Qb6 4.Nc3 Qxb2 5.Bd2 Qb6 6.e4 d6 7.f4 e6 8.Rb1 Qc7
9.Bb5+ Bd7 10.Qe2 a6 11.Bxd7+ Nbxd7 12.dxe6 fxe6 13.Nf3 O-O-O 14.O-O Qc6
15.Ng5 Re8 16.e5 d5 17.exf6 gxf6 18.Qh5 Bg7 19.Nxe6 Rxe6 20.Nxd5 f5 21.c4 Bd4+
22.Kh1 Kb8 23.Rfe1 Rf8 24.Ba5 Rxe1+ 25.Rxe1 Qg6 26.Bc7+ Ka7 27.Qxg6 hxg6
28.Re7 Nf6 29.Bb6+ Kb8 30.Bc7+ Ka8 31.Be5 Ng4 32.h3 Nf2+ 33.Kh2 Nd3 34.Nc7+ Ka7
35.Ne6 Bxe5 36.Nxf8 Bxf4+ 37.Kh1 Bd6 38.Rd7 Bxf8 39.Rxd3 b5 40.Rg3 bxc4 41.Rc3 Kb6
42.a4 Kc6 43.Rxc4 Kd5 44.Rc1 c4 45.Kg1 Bh6  0-1